| 000 | 00736nam a22002055i 4500 | ||
|---|---|---|---|
| 001 | 169003 | ||
| 003 | ES-MaACL | ||
| 005 | 20230906213947.0 | ||
| 008 | 080722s1830 fr |||| | fre d | ||
| 080 | _a782.089.6 | ||
| 100 | 1 |
_aAuber, Daniel-François-Esprit. _923789 |
|
| 245 | 1 | 0 |
_aFra-Diavolo [ _h[Música impresa] _b: opéra comique en trois actes / _cparoles de Eugène Scribe ; musique de D.F.E. Auber. |
| 260 |
_aParis : _bBrandus & Cie., _c[1830] |
||
| 300 |
_a1 partitura de coro (154 p.) ; _c18 cm. |
||
| 650 | 4 |
_aÓperas- _xPartituras de coro. _9137579 |
|
| 700 | 1 |
_aScribe, Eugène. _9104966 |
|
| 852 | 4 |
_aES-MaACL _jE-12096 _z- Biblioteca Jacinto Martínez Lacalle |
|
| 942 | _2udc | ||
| 999 |
_c169003 _d169003 |
||